02034agaaa2200301 45000010005000000030009000050050017000140070009000310080040000400400023000800410013001031000051001161300016001672450199001832500022003822600153004043000034005575080241005915110093008325200458009255380016013835460013013996500058014127000075014707000059015457000063016047000065016677959IT-RoPAU20220918181241.0d cvaizq50131s9999||||xx ||| | || ||und|| aIT-RoPAUcIT-RoPAU aITALIANO aRossellini RobertogCodice regista SPICS: 1870 aMESSIA (IL) aMESSIA (IL)cProdotto da: D'Amico S. Ammar T.B -- Sceneggiatura: Rossellini Roberto D'Amico Benedico' Silvia -- Diretto da: Rossellini RobertopMESSIA (IL) (Rif. Codice opera principale : H7959) aEdizione Standard aROMA - PARIGI (ITALIA - FRANCIA)bORIZZONTE 2000 - PROCINEX FR3 / Distribuzione: LIBRERIA SAN PAOLOg"1975 (1° ed.: 2007 ; Ed. Lingua Orig.: 1975)" aDVDbsonoro, col.c145 minuti a"Fotografia: Montuori Mario; Montaggio: Quaglio L. Benvenuti; Musica: Nascimbene Mario; Sceneggiatura: Rossellini Roberto D'Amico Benedico' Silvia; Scenografia: Bertolini Giorgio; Soggetto: Rossellini Roberto -- D'Amico Bendico' Silvia" a"Rossi Pier; Maria; Ungaro Mita; Amount Tina; Caprioli Vittorio; Fasano Antonella; Ucci" aNEL DECADIMENTO DELLE ISTITUZIONI POLITICO-RELIGIOSE E DEI COSTUMI DEL POPOLO EBRAICO SI COLLOCA LA FIGURA DI GESU', PRECONIZZATO DAL BATTISTA, ATTORNIATO DAL POPOLO MUTEVOLE, DAGLI APOSTOLI, DALLA MADONNA, FRA L'INDIFFERENZA SOSPETTOSA DEI POTERI POLITICI E L'OSTILITA' DEI CAPI RELIGIOSI. IL MESSIA CAMMINA, LAVORA, PREDICA, STIMOLA GLI APOSTOLI A DIFFONDERE IL MESSAGGIO,POI SI CONCEDE ALLA VIOLENZA OMICIDA CHE LO PORTA ALLA CROCE, E INFINE RISORGE. aPAL, STEREO aITALIANO aRELIGIOSOeDVD-FILM [DVD]xCodice MATERIA SPICS: 9947 aD'Amico Bendico' Silvia e(soggetto)gCodice Soggetto 2° SPICS: 26922 aNascimbene Marioe(musica)gCodice Musica SPICS: 11469 aRossellini Roberto e(regista)gCodice regista SPICS: 1870 aRossellini Roberto e(soggetto)gCodice Soggetto SPICS: 1870